[Event "Regionalliga SW 0607"]
[Site "Bayern"]
[Date "2007.02.25"]
[Round "6.3"]
[White "Kuhnert, Josef"]
[Black "Beck, Alexander"]
[Result "0-1"]
[WhiteElo "2018"]
[BlackElo "2071"]
[PlyCount "104"]
[EventDate "2006.10.15"]
[EventType "team-tourn"]
[EventRounds "9"]
[EventCountry "GER"]
[SourceTitle "EXT 2008"]
[Source "ChessBase"]
[SourceDate "2007.11.25"]
[SourceVersion "1"]
[SourceVersionDate "2007.11.25"]
[SourceQuality "1"]
[WhiteTeam "Sonthofen"]
[BlackTeam "Zugzwang MSA"]
[WhiteTeamCountry "GER"]
[BlackTeamCountry "GER"]

1. d4 e6 2. Nf3 Nf6 3. c4 b6 4. g3 Bb7 5. Bg2 Be7 6. 0-0 0-0 7. Nc3 d5 8. Ne5 Nc6 9. Bf4 a6 10. Rc1 Na5 11. c5 bxc5 12. Qa4 cxd4 13. Nb1 c6 14. Bd2 Qc7 15. Qxa5 Qxe5 16. Bf4 Qxe2 17. Qc7 Qxb2 18. Qxe7 Rfe8 19. Qa3 Qxa3 20. Nxa3 e5 21. Bd2 a5 22. Rfd1 Kf8 23. Bf1 Ne4 24. Be1 Ra7 25. f3 Ng5 26. Be2 Ne6 27. Bf2 Ke7 28. f4 f6 29. Bg4 Kd6 30. Rb1 Nc5 31. fxe5+ fxe5 32. Be2 Bc8 33. g4 Ba6 34. Bxa6 Rxa6 35. Rb2 Na4 36. Rb7 Re7 37. Rxe7 Kxe7 38. Re1 Kf6 39. Bh4+ Ke6 40. Nc2 c5 41. Rf1 Rb6 42. Be1 Rb2 43. Rf2 d3 44. Na3 e4 45. Bxa5 e3 46. Rxb2 Nxb2 47. Nb1 d4 48. Kf1 Kd5 49. Ke1 c4 50. Bb4 Na4 51. Kd1 c3 52. Na3 Nb2+ 0-1

[Event "Regionalliga SW 0607"]
[Site "Bayern"]
[Date "2007.02.04"]
[Round "5.3"]
[White "Miskevicer, Boris"]
[Black "Beck, Alexander"]
[Result "1-0"]
[WhiteElo "2106"]
[BlackElo "2071"]
[PlyCount "155"]
[EventDate "2006.10.15"]
[EventType "team-tourn"]
[EventRounds "9"]
[EventCountry "GER"]
[SourceTitle "EXT 2008"]
[Source "ChessBase"]
[SourceDate "2007.11.25"]
[SourceVersion "1"]
[SourceVersionDate "2007.11.25"]
[SourceQuality "1"]
[WhiteTeam "Muenchen Schwabing"]
[BlackTeam "Zugzwang MSA"]
[WhiteTeamCountry "GER"]
[BlackTeamCountry "GER"]

1. d4 Nf6 2. c4 e6 3. g3 Be7 4. Nc3 d5 5. Bg2 0-0 6. Nf3 b6 7. cxd5 Nxd5 8. Nxd5 exd5 9. 0-0 Bb7 10. Ne5 Nd7 11. Qd3 Nxe5 12. dxe5 Qd7 13. f4 Rfe8 14. b3 c5 15. f5 Bf8 16. Bf4 b5 17. Rad1 d4 18. e6 fxe6 19. fxe6 Qe7 20. Bd6 Qxd6 21. Bxb7 Rab8 22. Be4 Qxe6 23. Bxh7+ Kh8 24. Bg6 Qe3+ 25. Rf2 Qxd3 26. exd3 Re6 27. Be4 Rf6 28. Rxf6 gxf6 29. Rf1 Kg7 30. Rf5 Kf7 31. g4 Be7 32. h4 Ke6 33. Bd5+ Kd6 34. h5 Rh8 35. Kf2 Bd8 36. Kf3 Ke7 37. Bc6 Bb6 38. Bxb5 Kf7 39. Rd5 Rd8 40. Rf5 Kg7 41. Ke4 Rd6 42. Bc4 Rd7 43. Be6 Rd6 44. Bd5 Rd7 45. Kf3 Re7 46. Be4 Re6 47. a4 Re7 48. Rd5 Kh6 49. Kg3 Bc7+ 50. Kh4 Bb6 51. Rd6 Kg7 52. Rc6 Re5 53. Rc8 Re7 54. Rc6 Re5 55. Rd6 Re7 56. g5 fxg5+ 57. Kxg5 Rf7 58. h6+ Kh8 59. Rc6 Bd8+ 60. Kg6 Rc7 61. Re6 Be7 62. Bc6 Kg8 63. Bd5 Kh8 64. Kh5 Rd7 65. Be4 Rc7 66. Kg4 Rd7 67. Kf5 Rc7 68. Rg6 Bh4 69. Re6 Be7 70. Ke5 Rd7 71. Rg6 Bh4 72. Ke6 Rd8 73. Rg7 a5 74. Rg4 Be1 75. h7 Bd2 76. Rg2 Be1 77. Bf5 Re8+ 78. Kf7 1-0

[Event "Regionalliga SW 0607"]
[Site "Bayern"]
[Date "2006.10.29"]
[Round "2.3"]
[White "Beck, Alexander"]
[Black "Lederle, Vitus"]
[Result "1/2-1/2"]
[WhiteElo "2071"]
[BlackElo "2069"]
[PlyCount "53"]
[EventDate "2006.10.15"]
[EventType "team-tourn"]
[EventRounds "9"]
[EventCountry "GER"]
[SourceTitle "EXT 2008"]
[Source "ChessBase"]
[SourceDate "2007.11.25"]
[SourceVersion "1"]
[SourceVersionDate "2007.11.25"]
[SourceQuality "1"]
[WhiteTeam "Zugzwang MSA"]
[BlackTeam "Dillingen"]
[WhiteTeamCountry "GER"]
[BlackTeamCountry "GER"]

1. c4 e5 2. Nc3 Nf6 3. Nf3 Nc6 4. e3 Bb4 5. Qc2 Bxc3 6. Qxc3 d6 7. d4 exd4 8. Nxd4 Bd7 9. Be2 Ne4 10. Qc2 Qe7 11. 0-0 0-0 12. Nxc6 Bxc6 13. f3 Nf6 14. e4 Rfe8 15. Re1 Qe5 16. Be3 d5 17. cxd5 Nxd5 18. Bf2 Nf4 19. Bc4 Qg5 20. Bg3 Rad8 21. Rad1 Qc5+ 22. Bf2 Qg5 23. Bg3 Qc5+ 24. Kh1 Ne6 25. Qc3 Rxd1 26. Rxd1 Qe7 27. Rd2 1/2-1/2

[Event "Munich-ch VM2"]
[Site "Munich"]
[Date "2006.02.10"]
[Round "7"]
[White "Beck, Alexander"]
[Black "Sakkal, Cherin"]
[Result "1/2-1/2"]
[WhiteElo "2066"]
[BlackElo "2037"]
[PlyCount "81"]
[EventDate "2006.01.20"]
[EventType "tourn"]
[EventRounds "9"]
[EventCountry "GER"]
[SourceTitle "EXT 2007"]
[Source "ChessBase"]
[SourceDate "2006.11.23"]
[SourceVersion "1"]
[SourceVersionDate "2006.11.23"]
[SourceQuality "1"]

1. c4 Nf6 2. Nc3 c5 3. Nf3 e6 4. e3 Nc6 5. d4 d5 6. a3 cxd4 7. exd4 Be7 8. Bd3 0-0 9. c5 e5 10. dxe5 Ng4 11. Bf4 Bxc5 12. 0-0 Re8 13. Nxd5 Ngxe5 14. Nxe5 Nxe5 15. Bb5 Re6 16. Rc1 Bb6 17. Nxb6 Qxb6 18. Qd5 Nc6 19. Rfd1 h6 20. Be3 Qc7 21. Rc5 Rf6 22. Rdc1 Bd7 23. Bd3 Rd8 24. Qe4 g6 25. Qh4 Qd6 26. Bxh6 Bf5 27. Rd5 Qxd5 28. Qxf6 Qd4 29. Qxd4 Nxd4 30. Bxf5 Ne2+ 31. Kf1 Nxc1 32. Bc2 Nd3 33. b4 Ne5 34. Ke2 Nc6 35. Bd3 Ne5 36. Be4 Nc4 37. Bxb7 Nxa3 38. Be3 Nc4 39. Bc5 Ne5 40. Be4 Rd7 41. h4 1/2-1/2

[Event "Munich-ch VM2"]
[Site "Munich"]
[Date "2006.02.06"]
[Round "3"]
[White "Beck, Alexander"]
[Black "Biberger, Hans"]
[Result "1-0"]
[WhiteElo "2066"]
[BlackElo "2016"]
[PlyCount "51"]
[EventDate "2006.01.20"]
[EventType "tourn"]
[EventRounds "9"]
[EventCountry "GER"]
[SourceTitle "EXT 2007"]
[Source "ChessBase"]
[SourceDate "2006.11.23"]
[SourceVersion "1"]
[SourceVersionDate "2006.11.23"]
[SourceQuality "1"]

1. c4 c5 2. Nc3 Nc6 3. Nf3 e5 4. e3 g6 5. d4 cxd4 6. exd4 exd4 7. Nxd4 Bg7 8. Ndb5 Bxc3+ 9. bxc3 h6 10. Ba3 Nge7 11. Nd6+ Kf8 12. f4 Qa5 13. Qc1 Kg7 14. Bd3 f5 15. 0-0 a6 16. Qb2 Rf8 17. Rae1 Qd8 18. Re2 Rf6 19. c5 Re6 20. c4+ Kh7 21. g4 Rxe2 22. Qxe2 Qa5 23. Qb2 Nd4 24. Qxd4 Qxa3 25. Qf6 Qxc5+ 26. Rf2 1-0

[Event "Munich-ch VM2"]
[Site "Munich"]
[Date "2006.02.04"]
[Round "5"]
[White "Beck, Alexander"]
[Black "Engl, Heinz"]
[Result "1/2-1/2"]
[WhiteElo "2066"]
[BlackElo "2072"]
[PlyCount "26"]
[EventDate "2006.01.20"]
[EventType "tourn"]
[EventRounds "9"]
[EventCountry "GER"]
[SourceTitle "EXT 2007"]
[Source "ChessBase"]
[SourceDate "2006.11.23"]
[SourceVersion "1"]
[SourceVersionDate "2006.11.23"]
[SourceQuality "1"]

1. c4 e6 2. Nc3 d5 3. e3 Nf6 4. Nf3 c5 5. d4 Nc6 6. a3 cxd4 7. exd4 Be7 8. Bd3 0-0 9. 0-0 dxc4 10. Bxc4 a6 11. Bg5 b5 12. Ba2 Bb7 13. Qd3 b4 1/2-1/2

[Event "Munich-ch VM2"]
[Site "Munich"]
[Date "2006.02.03"]
[Round "4"]
[White "Schaffranietz, Horst"]
[Black "Beck, Alexander"]
[Result "0-1"]
[WhiteElo "1964"]
[BlackElo "2066"]
[PlyCount "58"]
[EventDate "2006.01.20"]
[EventType "tourn"]
[EventRounds "9"]
[EventCountry "GER"]
[SourceTitle "EXT 2007"]
[Source "ChessBase"]
[SourceDate "2006.11.23"]
[SourceVersion "1"]
[SourceVersionDate "2006.11.23"]
[SourceQuality "1"]

1. e4 e6 2. Nc3 d5 3. d4 Nf6 4. Bg5 Be7 5. e5 Nfd7 6. h4 a6 7. Qg4 Kf8 8. Rh3 c5 9. Nf3 cxd4 10. Ne2 Nc6 11. Bf4 h5 12. Qg3 Qa5+ 13. Bd2 Qc7 14. c3 Ndxe5 15. Nxe5 Qxe5 16. Bf4 Qe4 17. f3 Qc2 18. Rc1 Qxb2 19. cxd4 e5 20. Bxe5 Nxe5 21. Qxe5 Bxh3 22. gxh3 Bxh4+ 23. Kd1 Qxa2 24. Rc7 Qb3+ 25. Kd2 Re8 26. Qf4 Bf6 27. Qd6+ Be7 28. Qd7 Rh6 29. Rc8 Bb4+ 0-1

[Event "Bad Woerishofen op 16th"]
[Site "Bad Woerishofen"]
[Date "2000.03.25"]
[Round "9"]
[White "Bruns, Michael"]
[Black "Beck, Alexander"]
[Result "0-1"]
[WhiteElo "2103"]
[BlackElo "1930"]
[PlyCount "144"]
[EventDate "2000.03.??"]
[EventType "swiss"]
[EventRounds "9"]
[EventCountry "GER"]
[SourceTitle "CBM 075 Extra"]
[Source "ChessBase"]
[SourceDate "2000.05.11"]
[SourceVersion "2"]
[SourceVersionDate "2000.05.11"]
[SourceQuality "1"]

1. Nf3 c5 2. g3 Nc6 3. Bg2 g6 4. 0-0 Bg7 5. e4 d6 6. c3 e5 7. d3 Nge7 8. Be3 0-0 9. a4 b6 10. Na3 Ba6 11. Re1 d5 12. exd5 Nxd5 13. Bg5 f6 14. Bc1 Rc8 15. Qb3 Na5 16. Qc2 Re8 17. Bd2 Nc6 18. Rad1 Kh8 19. Qb1 Nde7 20. Bc1 Rc7 21. Nb5 Rd7 22. Qc2 Nc8 23. Bh3 f5 24. Bg2 Nd6 25. Ng5 Bxb5 26. axb5 Nb8 27. Qa4 Bf6 28. Nf3 Nf7 29. Qb3 Kg7 30. Qc2 Rd6 31. Bf1 Qd7 32. Qb3 Qe6 33. Qxe6 Rdxe6 34. Nd2 Nd6 35. c4 a6 36. bxa6 Nxa6 37. Bg2 Nb4 38. Nb1 Nc2 39. Rf1 e4 40. dxe4 Nxe4 41. Nd2 Nxf2 42. Rxf2 Bd4 43. Nf3 Bxf2+ 44. Kxf2 Re2+ 45. Kg1 Ne1 46. Bh1 Nc2 47. Bd2 Ne3 48. Rc1 Ng4 49. Bg2 Ne3 50. Bh3 h5 51. b3 Ng4 52. Bg2 Ne3 53. Bf1 Nxf1 54. Kxf1 R2e4 55. Ra1 R8e7 56. Bg5 Rd7 57. Re1 Rd3 58. Nd2 Rxe1+ 59. Kxe1 Kf7 60. Ke2 Rd7 61. h4 Ke6 62. Bf4 Ra7 63. Kd3 Rd7+ 64. Kc2 Rb7 65. Kc3 Rd7 66. Nf1 Ra7 67. Ne3 Kd7 68. Nd5 Kc6 69. Bg5 Rg7 70. Kd3 b5 71. Ne7+ Kb6 72. Nd5+ Kc6 0-1

[Event "Bad Woerishofen op 16th"]
[Site "Bad Woerishofen"]
[Date "2000.03.22"]
[Round "6"]
[White "Beck, Alexander"]
[Black "Maugg, Ludwig"]
[Result "1-0"]
[WhiteElo "1930"]
[BlackElo "2148"]
[PlyCount "87"]
[EventDate "2000.03.??"]
[EventType "swiss"]
[EventRounds "9"]
[EventCountry "GER"]
[SourceTitle "CBM 075 Extra"]
[Source "ChessBase"]
[SourceDate "2000.05.11"]
[SourceVersion "2"]
[SourceVersionDate "2000.05.11"]
[SourceQuality "1"]

1. e4 c5 2. Nf3 Nc6 3. d4 cxd4 4. Nxd4 Nf6 5. Nc3 e5 6. Ndb5 d6 7. Nd5 Nxd5 8. exd5 Nb8 9. c4 a6 10. Nc3 f5 11. Be3 Be7 12. Bd3 0-0 13. f3 Nd7 14. 0-0 Nf6 15. Qc2 g6 16. Na4 Bd7 17. Nb6 Rb8 18. b4 e4 19. Be2 f4 20. Bd4 e3 21. Bd3 Be8 22. a4 Nd7 23. Nxd7 Qxd7 24. a5 Bf6 25. Bxf6 Rxf6 26. b5 axb5 27. cxb5 Bf7 28. Qb2 Qe7 29. Be4 Qe5 30. Rfb1 g5 31. a6 bxa6 32. Rxa6 Qxb2 33. Rxb2 Be8 34. b6 Rf7 35. Ra7 Rfb7 36. Rxb7 Rxb7 37. Bd3 Bf7 38. Kf1 h6 39. Bc4 Kg7 40. Ba6 Rb8 41. b7 Bxd5 42. Rc2 Be6 43. Rc7+ Kf6 44. Rc8 1-0

[Event "Bad Woerishofen op 16th"]
[Site "Bad Woerishofen"]
[Date "2000.03.20"]
[Round "4"]
[White "Beck, Alexander"]
[Black "Rudolph, Peter"]
[Result "0-1"]
[WhiteElo "1930"]
[BlackElo "2201"]
[PlyCount "66"]
[EventDate "2000.03.??"]
[EventType "swiss"]
[EventRounds "9"]
[EventCountry "GER"]
[SourceTitle "CBM 075 Extra"]
[Source "ChessBase"]
[SourceDate "2000.05.11"]
[SourceVersion "2"]
[SourceVersionDate "2000.05.11"]
[SourceQuality "1"]

1. e4 c5 2. Nf3 Nc6 3. d4 cxd4 4. Nxd4 Nf6 5. Nc3 Qb6 6. Nb3 e6 7. Be3 Qc7 8. a3 a6 9. Be2 d6 10. 0-0 Be7 11. Qd2 0-0 12. Rad1 Ne5 13. Bf4 b6 14. Bxe5 dxe5 15. Qe3 Bb7 16. Rd2 Rac8 17. Rfd1 Qc6 18. f3 h6 19. Qf2 Rfd8 20. Qf1 Rxd2 21. Rxd2 b5 22. Kh1 Qb6 23. Qg1 Qc7 24. Qd1 Bc6 25. Na2 Bxe4 26. fxe4 Nxe4 27. Rd7 Nf2+ 28. Kg1 Nxd1 29. Rxc7 Rxc7 30. Bxd1 f5 31. c3 Kf7 32. Kf1 Kf6 33. Nac1 e4 0-1